Guerreiros medievais portugueses (Registo nº 2735)

Detalhes MARC
000 -Etiqueta do registo
Cabeçalho 00698nam a22002651 4500
005 - Identificador da versão
Campo de controlo 20240813121943.0
095 ## -
-- PTBN00064814
100 ## - Dados gerais de processamento
Dados gerais de processamento 19900911d1977 da y0pory5003 ba
102 ## - Pais de publicação ou produção
País de publicação Portugal
101 0# - Língua de publicação
Língua do texto, banda sonora, etc. Português
106 ## - Campo de dados codificados: material textual
Dados codificados do material textual r
105 ## - Campo de dados codificados: livros
Dados codificados dos livros a z 000yy
215 ## - Descrição física 
Indicação específica da natureza do documento e extensão da espécie 39 p.
Outras indicações físicas il.
Dimensões 31 cm
200 1# - Titulo e menção de responsabilidade
Título próprio Guerreiros medievais portugueses
Informação de outro título peonagem
Primeira menção de responsabilidade Jorge Tavares
210 ## - Publicação, Distribuição, etc. 
Lugar da edição, distribuição, etc. Porto
Nome do editor, distribuidor, etc. Porto Editora
Data da publicação, distribuição, etc. 1977
606 ## - Nome comum usado como assunto
Número de registo de entrada de autoridade 0001494
Palavra de ordem História
Subdivisão geográfica Portugal
Número de registo de entrada de autoridade 0001468
Palavra de ordem Etnografia
675 ## - Classificação Decimal Universal (CDU)
Notação 946.9
Edição
Língua da edição por
Notação 39
Edição
Língua da edição por
700 #1 - Nome de autor-pessoa física (responsabilidade principal)
Número de registo de entrada de autoridade 0001656
Palavra de ordem Tavares
Outra parte do nome não tomada para palavra de ordem Jorge
942 ## - Elementos de entrada adicionados (Koha)
Tipo de item no Koha Livro
Exemplares
Situação do levantamento Origin of item (home branch) (coded) Biblioteca de empréstimo Código de barras Cota Circulation type (not for loan) Tipo de documento Nota do exemplar Damaged status
  Biblioteca Escolar da Coca Maravilhas Biblioteca Escolar da Coca Maravilhas BECM110/90 9PT TAV   Livro Sem mensagem